Carta de serveis 2017 : catàleg de serveis 2017 catàleg de serveis 2017

Publicat: Barcelona : Diputació de Barcelona , 2016
Descripció física: 1 tríptic ; il. col. ; 15 x 21 cm
Idioma: Català

MARC

LEADER 00000nam a22000007a 4500
001 27925
003 Arxiu
005 20260324181517.0
008 230522b spa||||| |||| 00| 0 cat d
017 |a B 21252-2016 
040 |a agdb  |b cat 
245 |a Carta de serveis 2017 :   |b catàleg de serveis 2017 
260 |a Barcelona :   |b Diputació de Barcelona ;   |c 2016 
300 |a 1 tríptic ;   |b il. col. ;   |c 15 x 21 cm 
610 1 0 |9 53681  |a Barcelona (Catalunya : Província).  |b Diputació  |v Catàlegs 
710 |a Barcelona (Catalunya : Província).  |b Àrea de Presidència  |9 52558 
942 |2 udc  |c ARXIU  |n 1 
952 |0 0  |1 0  |2 udc  |4 0  |6 FU75119  |7 1  |9 66379  |a Arxiu  |b Arxiu  |d 2023-05-22  |l 0  |o FU-75-119  |p 27925  |r 2023-05-22 00:00:00  |w 2023-05-22  |y ARXIU 
999 |c 83738  |d 83738